000 00321nam a2200133Ia 4500
008 220204s9999 xx 000 0 und d
082 _aNR:62:539.53
_bJAM
245 0 _aAbrasion of rubber
260 _aLondon
_bMaclaren
_c1967
650 _aRubber abrasion
650 _aTread tyre
700 _aJames, D I
942 _cBK
999 _c21834
_d21834